Quản lý học đại cương
Cơ sở khoa học của quản lý. Các yếu tố ảnh hưởng đến quản lý, nguyên tắc, công cụ và phương pháp quản lý. Chức năng của quản lý. Nhà quản lý trong tổ chức. Quyết định quản lý và thông tin trong quản lý...
שמור ב:
| מחבר ראשי: | |
|---|---|
| פורמט: | ספר |
| שפה: | Undetermined |
| יצא לאור: |
Hà Nội
Chính trị quốc gia
2014
|
| נושאים: | |
| תגים: |
הוספת תג
אין תגיות, היה/י הראשונ/ה לתייג את הרשומה!
|
| Thư viện lưu trữ: | Trung tâm Học liệu Trường Đại học Cần Thơ |
|---|
| LEADER | 00875nam a2200193Ia 4500 | ||
|---|---|---|---|
| 001 | CTU_194594 | ||
| 008 | 210402s9999 xx 000 0 und d | ||
| 020 | |c 34000 | ||
| 082 | |a 658 | ||
| 082 | |b H103 | ||
| 100 | |a Nguyễn, Hữu Hải | ||
| 245 | 0 | |a Quản lý học đại cương | |
| 245 | 0 | |c Nguyễn Hữu Hải (chủ biên ) | |
| 260 | |a Hà Nội | ||
| 260 | |b Chính trị quốc gia | ||
| 260 | |c 2014 | ||
| 520 | |a Cơ sở khoa học của quản lý. Các yếu tố ảnh hưởng đến quản lý, nguyên tắc, công cụ và phương pháp quản lý. Chức năng của quản lý. Nhà quản lý trong tổ chức. Quyết định quản lý và thông tin trong quản lý | ||
| 650 | |a Management science,Khoa học quản lý | ||
| 980 | |a Trung tâm Học liệu Trường Đại học Cần Thơ | ||